[Event "24th Klatovy A 2016"]
[Site "Klatovy CZE"]
[Date "2016.07.08"]
[Round "7.23"]
[White "Jelinek, Michal"]
[Black "Neuman Zakoucka, Adela 1987"]
[Result "1/2-1/2"]
[WhiteElo "2176"]
[BlackElo "1969"]
[PlyCount "97"]
[EventDate "2016.07.02"]
[EventType "swiss"]
[EventRounds "9"]
[EventCountry "CZE"]

1. d4 Nf6 2. c4 d6 3. Nf3 g6 4. Nc3 Bg7 5. e4 O-O 6. Be2 e5 7. O-O Nh5 8. g3 Bg4 9. Bg5 Qd7 10. Be3 Bxf3 11. Bxf3 Nf6 12. Qe2 exd4 13. Bxd4 Nc6 14. Be3 Rfe8 15. Rad1 Qe6 16. Bg2 Ne5 17. b3 h5 18. Rfe1 Nfg4 19. Bd4 a6 20. f4 c5 21. Bxe5 dxe5 22. f5 Qc6 23. Nd5 Nf6 24. Bh3 Nxd5 25. Rxd5 Rad8 26. Red1 Qf6 27. Qf2 b6 28. fxg6 fxg6 29. Qd2 Rxd5 30. cxd5 Qd6 31. Rf1 Rf8 32. Be6+ Kh7 33. Bf7 Bf6 34. Be6 Bg7 35. Re1 Bh6 36. Qe2 b5 37. Kg2 Rf6 38. Rf1 Rxf1 39. Qxf1 Qf8 40. Qd3 Qd6 41. Qf3 Qf8 42. Qd3 Qd6 43. g4 h4 44. Qh3 Bg5 45. Qf3 Bf4 46. g5 Qe7 47. Qg4 Qxg5 48. Kf3 Bc1 49. Qxg5 1/2-1/2

[Event "24th Klatovy A 2016"]
[Site "Klatovy CZE"]
[Date "2016.07.08"]
[Round "7.24"]
[White "Stinka, Jakub"]
[Black "Vanek, Petr"]
[Result "1/2-1/2"]
[WhiteElo "1916"]
[BlackElo "2112"]
[PlyCount "75"]
[EventDate "2016.07.02"]
[EventType "swiss"]
[EventRounds "9"]
[EventCountry "CZE"]

1. e4 g6 2. d4 Bg7 3. Nc3 d6 4. f4 Nd7 5. Nf3 c5 6. dxc5 Nxc5 7. Bb5+ Bd7 8. Bxd7+ Qxd7 9. Qe2 Qc6 10. Bd2 Nf6 11. e5 Nfe4 12. exd6 exd6 13. O-O O-O 14. Nxe4 Nxe4 15. c3 Rfe8 16. Be3 a6 17. Qd3 Rac8 18. Bd4 Qc4 19. Qxc4 Rxc4 20. Rad1 Bxd4+ 21. Rxd4 Rxd4 22. Nxd4 f5 23. Rd1 Kf7 24. g3 h5 25. Kg2 Rc8 26. Nf3 Ke6 27. Nd2 d5 28. Nf3 Rc5 29. Ne5 Rb5 30. Nd3 Rb6 31. Kf3 Rc6 32. Re1 Kd6 33. h3 Rc8 34. Re2 d4 35. cxd4 Kd5 36. Nc5 Nxc5 37. dxc5 Rxc5 38. Rd2+ 1/2-1/2

[Event "24th Klatovy A 2016"]
[Site "Klatovy CZE"]
[Date "2016.07.08"]
[Round "7.25"]
[White "Krauskopfova, Lenka 1996"]
[Black "Psaila, Clarence"]
[Result "1-0"]
[WhiteElo "1961"]
[BlackElo "2080"]
[PlyCount "121"]
[EventDate "2016.07.02"]
[EventType "swiss"]
[EventRounds "9"]
[EventCountry "CZE"]

1. c4 f5 2. Nc3 Nf6 3. g3 d6 4. Bg2 e5 5. d3 Be7 6. e3 c6 7. Nge2 O-O 8. O-O Na6 9. a3 Nc7 10. d4 Be6 11. b3 Qe8 12. f4 e4 13. Bd2 a5 14. Qc2 Nd7 15. g4 g6 16. g5 Qf7 17. Rfc1 Rfc8 18. Qb2 Bf8 19. h4 Bg7 20. a4 b6 21. Qa3 d5 22. cxd5 Nxd5 23. Nxd5 Bxd5 24. Rab1 c5 25. Bc3 Rc7 26. Bf1 Rac8 27. dxc5 Nxc5 28. Bxg7 Qxg7 29. Nd4 Ne6 30. Rxc7 Qxc7 31. Qb2 Qc3 32. Qxc3 Rxc3 33. Nxe6 Bxe6 34. Bc4 Kf7 35. Kf2 Rc2+ 36. Kf1 Ke7 37. Bxe6 Kxe6 38. b4 Kd5 39. bxa5 bxa5 40. Rd1+ Kc4 41. Rd4+ Kc3 42. Rd7 Ra2 43. Rxh7 Kd3 44. h5 gxh5 45. Rxh5 Kxe3 46. g6 Rf2+ 47. Kg1 Rb2 48. g7 Rb1+ 49. Kg2 Rb2+ 50. Kg3 Rb1 51. Rh2 Rb8 52. Rh8 Rb1 53. g8=Q Rg1+ 54. Kh2 Rxg8 55. Rxg8 Kxf4 56. Kg2 Ke3 57. Rg5 f4 58. Rxa5 Ke2 59. Rf5 f3+ 60. Kg3 Kf1 61. Rxf3+ 1-0

[Event "24th Klatovy A 2016"]
[Site "Klatovy CZE"]
[Date "2016.07.08"]
[Round "7.26"]
[White "Drahorad, Daniel"]
[Black "Gschwendtner, Stanislav"]
[Result "1/2-1/2"]
[WhiteElo "1970"]
[BlackElo "2058"]
[PlyCount "24"]
[EventDate "2016.07.02"]
[EventType "swiss"]
[EventRounds "9"]
[EventCountry "CZE"]

1. e4 c5 2. Nc3 d6 3. f4 e6 4. Nf3 Nc6 5. Bb5 Bd7 6. O-O Nge7 7. d3 a6 8. Bxc6 Nxc6 9. Qe1 g6 10. f5 f6 11. fxe6 Bxe6 12. Nd5 Bg7 1/2-1/2

[Event "24th Klatovy A 2016"]
[Site "Klatovy CZE"]
[Date "2016.07.08"]
[Round "7.27"]
[White "Pick, Stepan"]
[Black "Maly, Filip"]
[Result "1-0"]
[WhiteElo "2058"]
[BlackElo "1954"]
[PlyCount "69"]
[EventDate "2016.07.02"]
[EventType "swiss"]
[EventRounds "9"]
[EventCountry "CZE"]

1. Nf3 Nf6 2. c4 g6 3. Nc3 Bg7 4. d4 O-O 5. e4 d6 6. Be2 e5 7. O-O Nc6 8. d5 Ne7 9. b4 Nd7 10. c5 f5 11. Nd2 Nf6 12. f3 f4 13. Nc4 g5 14. a4 Rf7 15. cxd6 cxd6 16. Nb5 Ne8 17. Bd2 h5 18. Be1 Ng6 19. a5 Bf8 20. Bf2 b6 21. axb6 a6 22. Na7 g4 23. fxg4 hxg4 24. Bxg4 Nf6 25. Bxc8 Rxc8 26. Nc6 Qe8 27. Qf3 Rg7 28. Rxa6 Nxd5 29. exd5 e4 30. Qh5 f3 31. Ra7 fxg2 32. Rxg7+ Bxg7 33. Re1 Qf7 34. Nxd6 Qf3 35. Qxg6 1-0

[Event "24th Klatovy A 2016"]
[Site "Klatovy CZE"]
[Date "2016.07.08"]
[Round "7.28"]
[White "Soural, Karel"]
[Black "Dungl, Petr"]
[Result "1/2-1/2"]
[WhiteElo "2035"]
[BlackElo "1902"]
[PlyCount "44"]
[EventDate "2016.07.02"]
[EventType "swiss"]
[EventRounds "9"]
[EventCountry "CZE"]

1. e4 c5 2. Nf3 e6 3. d4 cxd4 4. Nxd4 Nc6 5. Nxc6 bxc6 6. c4 Nf6 7. Bd3 e5 8. O-O Bc5 9. Nc3 h6 10. Qe2 O-O 11. Be3 Bxe3 12. Qxe3 Re8 13. Rad1 Qb6 14. Qxb6 axb6 15. Bc2 Ba6 16. Bb3 Rad8 17. Rfe1 Rb8 18. Rd2 Red8 19. f3 Kf8 20. Red1 Ke7 21. Kf2 Ne8 22. a4 Nc7 1/2-1/2

[Event "24th Klatovy A 2016"]
[Site "Klatovy CZE"]
[Date "2016.07.08"]
[Round "7.29"]
[White "Kaderabek, Jiri"]
[Black "Ruzicka, Ondrej"]
[Result "1-0"]
[WhiteElo "2125"]
[BlackElo "1863"]
[PlyCount "113"]
[EventDate "2016.07.02"]
[EventType "swiss"]
[EventRounds "9"]
[EventCountry "CZE"]

1. e4 d6 2. d4 Nf6 3. Nc3 g6 4. h3 Bg7 5. Nf3 O-O 6. Be3 c6 7. a4 Qa5 8. Bd3 Nbd7 9. O-O e5 10. dxe5 Nxe5 11. Nxe5 dxe5 12. Qd2 Rd8 13. Nd5 Qxd2 14. Nxf6+ Bxf6 15. Bxd2 Be6 16. Be3 a5 17. Rfd1 Rd7 18. Kf1 Bd8 19. Be2 Rxd1+ 20. Rxd1 Kf8 21. Bg4 Bxg4 22. hxg4 g5 23. Ke2 b5 24. Bc5+ Be7 25. Bxe7+ Kxe7 26. axb5 cxb5 27. Rd5 b4 28. Rxe5+ Kf6 29. Rf5+ Kg6 30. Rb5 Rc8 31. Kd2 Rd8+ 32. Rd5 Ra8 33. b3 Ra6 34. Kd3 a4 35. bxa4 Rxa4 36. Rb5 Ra3+ 37. Kd2 Ra4 38. f3 Kf6 39. Rb8 h6 40. Rb6+ Ke7 41. e5 Ra5 42. Rxb4 Rxe5 43. c4 Ra5 44. Kd3 f5 45. gxf5 Rxf5 46. Rb5 Rf8 47. c5 Kf7 48. c6 Ke7 49. c7 Rc8 50. Rc5 Kd6 51. Kd4 Ke6 52. g4 Kd6 53. Rc3 Ke6 54. Rc6+ Kd7 55. Kd5 Ke8 56. Kd6 h5 57. gxh5 1-0

[Event "24th Klatovy A 2016"]
[Site "Klatovy CZE"]
[Date "2016.07.08"]
[Round "7.30"]
[White "Mueller, Michael3"]
[Black "Dobias, Daniel"]
[Result "1/2-1/2"]
[WhiteElo "2102"]
[BlackElo "1827"]
[PlyCount "65"]
[EventDate "2016.07.02"]
[EventType "swiss"]
[EventRounds "9"]
[EventCountry "CZE"]

1. Nf3 Nf6 2. c4 c5 3. Nc3 g6 4. g3 Bg7 5. Bg2 O-O 6. d4 cxd4 7. Nxd4 Nc6 8. Nc2 b6 9. O-O Bb7 10. b3 Na5 11. Rb1 Bxg2 12. Kxg2 Qc7 13. e4 d6 14. Ne3 Qc6 15. Ned5 Nxd5 16. exd5 Qd7 17. Bb2 Nb7 18. Qe2 Nc5 19. Nb5 a6 20. Bxg7 Kxg7 21. Nd4 e5 22. dxe6 Nxe6 23. Rbd1 Rfe8 24. Qd2 Kf8 25. Nxe6+ Rxe6 26. Qd4 b5 27. Qd5 Rc8 28. cxb5 Qxb5 29. Qxb5 axb5 30. Rd5 Rc2 31. a4 bxa4 32. bxa4 Re4 33. Rxd6 1/2-1/2

[Event "24th Klatovy A 2016"]
[Site "Klatovy CZE"]
[Date "2016.07.08"]
[Round "7.31"]
[White "Sysel, Jaroslav"]
[Black "Cecil, Pavel"]
[Result "0-1"]
[WhiteElo "1879"]
[BlackElo "1929"]
[PlyCount "86"]
[EventDate "2016.07.02"]
[EventType "swiss"]
[EventRounds "9"]
[EventCountry "CZE"]

1. e4 e6 2. d4 d5 3. Nd2 Nf6 4. e5 Nfd7 5. Ngf3 c5 6. c3 Nc6 7. Bd3 Qb6 8. O-O cxd4 9. cxd4 Nxd4 10. Nxd4 Qxd4 11. Nf3 Qb6 12. Qa4 Qb4 13. Qc2 h6 14. Bd2 Qb6 15. Rfc1 Bc5 16. Be1 O-O 17. Qa4 Qd8 18. Bb5 a6 19. Bd3 Be7 20. Qg4 f5 21. Qa4 Nc5 22. Qc2 Nxd3 23. Qxd3 Bd7 24. Nd4 Qb6 25. Bd2 Rac8 26. Be3 f4 27. Nc6 fxe3 28. Nxe7+ Kf7 29. Nxc8 exf2+ 30. Kh1 Bxc8 31. Qb3 Qa5 32. Qc3 Qb5 33. a4 Qd7 34. g3 Kg8 35. Kg2 d4 36. Qc4 b5 37. Qc5 Qb7+ 38. Kh3 Qe4 39. Qxf8+ Kxf8 40. Rxc8+ Kf7 41. Rf1 Qf3 42. axb5 axb5 43. Rc2 Qf5+ 0-1

[Event "24th Klatovy A 2016"]
[Site "Klatovy CZE"]
[Date "2016.07.08"]
[Round "7.32"]
[White "Danek, Vaclav"]
[Black "Brunova, Blanka"]
[Result "0-1"]
[WhiteElo "1921"]
[BlackElo "1880"]
[PlyCount "70"]
[EventDate "2016.07.02"]
[EventType "swiss"]
[EventRounds "9"]
[EventCountry "CZE"]

1. e4 c5 2. Nc3 Nc6 3. g3 g6 4. Bg2 Bg7 5. d3 e6 6. Nge2 Nge7 7. Be3 b6 8. d4 cxd4 9. Nxd4 Ba6 10. Qd2 Ne5 11. Ndb5 Nc4 12. Nd6+ Nxd6 13. Qxd6 Rc8 14. Qa3 Bc4 15. Qxa7 Rb8 16. Qa3 Nc6 17. f4 d5 18. exd5 exd5 19. O-O-O Bf8 20. b4 Bxb4 21. Qb2 Qe7 22. Nxd5 Bxd5 23. Qxh8+ Kd7 24. Rxd5+ Kc7 25. Bc5 bxc5 26. Qg7 Ba3+ 27. Kd2 Re8 28. Re5 Qd7+ 29. Ke2 Nxe5 30. fxe5 Bb2 31. Rb1 Qg4+ 32. Kf1 Qc4+ 33. Kg1 Rxe5 34. Rf1 Bd4+ 35. Kh1 Rf5 0-1

[Event "24th Klatovy A 2016"]
[Site "Klatovy CZE"]
[Date "2016.07.08"]
[Round "7.33"]
[White "Oz, Ozan"]
[Black "Kotal, Vaclav"]
[Result "0-1"]
[WhiteElo "1863"]
[BlackElo "1886"]
[PlyCount "132"]
[EventDate "2016.07.02"]
[EventType "swiss"]
[EventRounds "9"]
[EventCountry "CZE"]

1. e4 c5 2. Nf3 Nc6 3. d4 cxd4 4. Nxd4 Nf6 5. Nc3 e5 6. Ndb5 d6 7. Bg5 a6 8. Na3 b5 9. Bxf6 gxf6 10. Nd5 Bg7 11. g4 Ne7 12. c4 Nxd5 13. Qxd5 Qa5+ 14. Ke2 O-O 15. h3 Be6 16. Qd2 Qxd2+ 17. Kxd2 Bh6+ 18. Ke1 Rfc8 19. b3 Kf8 20. Bd3 b4 21. Nc2 a5 22. Ke2 Rab8 23. Rhb1 Ke7 24. a3 Rc7 25. axb4 axb4 26. Ra4 Rcb7 27. Rba1 Bd7 28. Ra8 Bg5 29. Ne1 Be6 30. Nc2 Bd7 31. f3 h6 32. Ne1 h5 33. gxh5 Bxh3 34. Nc2 Kf8 35. Rxb8+ Rxb8 36. Ra4 Kg7 37. Rxb4 Rh8 38. Rb6 Rxh5 39. Ne3 Be6 40. Nf1 Rh1 41. Ra6 Bh3 42. Ra1 Rg1 43. Rb1 Rg2+ 44. Ke1 Bh4+ 45. Kd1 Bg5 46. Be2 Rf2 47. Ke1 Bh4 48. Kd2 Bg5+ 49. Ne3 f5 50. Kd3 fxe4+ 51. fxe4 f5 52. exf5 e4+ 53. Kd4 Rxe2 54. Rg1 Kh6 55. Nd5 Bxf5 56. Rg3 Rd2+ 57. Kc3 Rf2 58. Rg1 e3 59. Rh1+ Kg6 60. Re1 Rc2+ 61. Kd4 e2 62. Rg1 Rd2+ 63. Kc3 Rc2+ 64. Kd4 Kf7 65. Ne3 Rd2+ 66. Kc3 Bxe3 0-1

[Event "24th Klatovy A 2016"]
[Site "Klatovy CZE"]
[Date "2016.07.08"]
[Round "7.34"]
[White "Paldus, Jan"]
[Black "Cekan, Petr1"]
[Result "0-1"]
[WhiteElo "1753"]
[BlackElo "1993"]
[PlyCount "54"]
[EventDate "2016.07.02"]
[EventType "swiss"]
[EventRounds "9"]
[EventCountry "CZE"]

1. e4 c5 2. Nf3 Nc6 3. d4 cxd4 4. Nxd4 g6 5. Nc3 Bg7 6. Be3 Nf6 7. Be2 O-O 8. O-O d5 9. exd5 Nb4 10. d6 Qxd6 11. Ncb5 Qe5 12. Nf3 Qb8 13. c3 Nbd5 14. Bd4 Bd7 15. Ne5 Be6 16. c4 Nc7 17. Nxc7 Qxc7 18. Qa4 Rfd8 19. Rfd1 Rxd4 20. Rxd4 Qxe5 21. Qd1 Ne4 22. Rd8+ Rxd8 23. Qxd8+ Bf8 24. Rb1 Nxf2 25. Bf3 Qc5 26. b4 Nh3+ 27. Kh1 Qg1+ 0-1

[Event "24th Klatovy A 2016"]
[Site "Klatovy CZE"]
[Date "2016.07.08"]
[Round "7.35"]
[White "Vevera, Radek"]
[Black "Kantor, Jozef"]
[Result "1-0"]
[WhiteElo "2000"]
[BlackElo "1880"]
[PlyCount "49"]
[EventDate "2016.07.02"]
[EventType "swiss"]
[EventRounds "9"]
[EventCountry "CZE"]

1. e4 c5 2. Nf3 a6 3. c4 d6 4. d4 g6 5. dxc5 Qa5+ 6. Nc3 dxc5 7. Qa4+ Qxa4 8. Nxa4 Nd7 9. Bf4 Ngf6 10. Bd3 Bg7 11. O-O O-O 12. Rfe1 Re8 13. e5 Nh5 14. Bd2 b6 15. Be4 Rb8 16. g4 f5 17. gxf5 gxf5 18. Bxf5 Nxe5 19. Rxe5 Bxe5 20. Bxc8 Bxb2 21. Be6+ Kg7 22. Nxb2 Kf6 23. Re1 Rbd8 24. Bc3+ Kg6 25. Ne5+ 1-0

[Event "24th Klatovy A 2016"]
[Site "Klatovy CZE"]
[Date "2016.07.08"]
[Round "7.36"]
[White "Hlavac, Rudolf"]
[Black "Molkanov, Oleg 2001"]
[Result "1-0"]
[WhiteElo "1983"]
[BlackElo "1860"]
[PlyCount "103"]
[EventDate "2016.07.02"]
[EventType "swiss"]
[EventRounds "9"]
[EventCountry "CZE"]

1. e4 c5 2. Nf3 d6 3. d4 cxd4 4. Qxd4 a6 5. c4 Nc6 6. Qd2 Nf6 7. Nc3 g6 8. h3 Bg7 9. Bd3 O-O 10. b3 b6 11. Bb2 Bb7 12. O-O Ne5 13. Nxe5 dxe5 14. Qe3 e6 15. Ba3 Re8 16. Rfd1 Qc7 17. Rac1 Red8 18. Na4 Nd7 19. Be2 Bc6 20. Bd6 Qb7 21. Nc3 Bf8 22. b4 Bxd6 23. Rxd6 Nf6 24. Rxd8+ Rxd8 25. Qg5 Kg7 26. Qxe5 Bxe4 27. f3 Bc6 28. a4 Qb8 29. Qe3 Rd6 30. c5 bxc5 31. bxc5 Rd7 32. Bxa6 Nd5 33. Qd4+ e5 34. Qc4 Nxc3 35. Qxc3 Bxa4 36. c6 Rc7 37. Qxe5+ Kg8 38. Bb7 Rxb7 39. cxb7 Qxe5 40. Rc8+ Kg7 41. b8=Q Qxb8 42. Rxb8 h5 43. Kf2 g5 44. Ke3 Bd7 45. Ke4 g4 46. h4 gxf3 47. gxf3 Be6 48. Rb5 Kh6 49. Rb6 Kg6 50. Kf4 Kf6 51. Ra6 Ke7 52. Ra5 1-0

[Event "24th Klatovy A 2016"]
[Site "Klatovy CZE"]
[Date "2016.07.08"]
[Round "7.37"]
[White "Lhotsky, Zdenek"]
[Black "Sibl, Vaclav"]
[Result "1/2-1/2"]
[WhiteElo "1853"]
[BlackElo "1970"]
[PlyCount "42"]
[EventDate "2016.07.02"]
[EventType "swiss"]
[EventRounds "9"]
[EventCountry "CZE"]

1. e4 d6 2. d4 Nf6 3. Nc3 Nbd7 4. f4 e5 5. Nf3 exd4 6. Qxd4 c6 7. Be3 Be7 8. O-O-O O-O 9. Be2 Qc7 10. h4 Ng4 11. Nh2 Nxe3 12. Qxe3 b5 13. g4 a5 14. g5 Qb6 15. Qxb6 Nxb6 16. Bg4 b4 17. Ne2 c5 18. Ng3 Re8 19. Rhe1 Bf8 20. Bxc8 Rexc8 21. Nf5 Rd8 1/2-1/2

[Event "24th Klatovy A 2016"]
[Site "Klatovy CZE"]
[Date "2016.07.08"]
[Round "7.38"]
[White "Van der Hoeven, Gerben"]
[Black "Kunc, Jan"]
[Result "1-0"]
[WhiteElo "1968"]
[BlackElo "1798"]
[PlyCount "95"]
[EventDate "2016.07.02"]
[EventType "swiss"]
[EventRounds "9"]
[EventCountry "CZE"]

1. e4 c5 2. c3 d5 3. exd5 Qxd5 4. Nf3 e5 5. d3 Nc6 6. Be2 g6 7. O-O Bg7 8. Be3 Nge7 9. Qb3 b6 10. Na3 Qxb3 11. axb3 Be6 12. Nb5 Kd7 13. Ng5 Bxb3 14. c4 f6 15. Ne4 a6 16. Nbc3 f5 17. Nd2 Bc2 18. g3 Nb4 19. Na4 Kc7 20. Nf3 Bxd3 21. Bxd3 Nxd3 22. Ng5 Bf6 23. Rad1 e4 24. f3 Bxg5 25. Bxg5 Rhe8 26. fxe4 Ne5 27. Bf4 N7c6 28. exf5 gxf5 29. Rd5 Rad8 30. Re1 Rxd5 31. cxd5 Nd4 32. Kg2 Kd6 33. Nxb6 Ndf3 34. Re3 Rb8 35. Nc4+ Kxd5 36. Nxe5 Nd4 37. Nd3 Rb3 38. Bg5 c4 39. Nf4+ Kc5 40. Be7+ Kb5 41. Rxb3+ Nxb3 42. Kf2 Nc1 43. Ke3 Ka4 44. Kd2 Na2 45. Kc2 a5 46. Ne2 Nb4+ 47. Kc3 Nd5+ 48. Kxc4 1-0

[Event "24th Klatovy A 2016"]
[Site "Klatovy CZE"]
[Date "2016.07.08"]
[Round "7.40"]
[White "Lintner, Felix 1979"]
[Black "Brock, Ditmar"]
[Result "0-1"]
[WhiteElo "1826"]
[BlackElo "1931"]
[PlyCount "82"]
[EventDate "2016.07.02"]
[EventType "swiss"]
[EventRounds "9"]
[EventCountry "CZE"]

1. e4 c5 2. Nc3 Nc6 3. g3 g6 4. Bg2 Bg7 5. d3 d6 6. Be3 e6 7. Qd2 Nd4 8. Nd1 e5 9. f4 Ne7 10. c3 Ndc6 11. Nf3 b6 12. O-O O-O 13. d4 Ba6 14. Rf2 Rc8 15. d5 Na5 16. b3 Nb7 17. Rc1 b5 18. Nh4 Kh8 19. f5 Ng8 20. Bh3 Rc7 21. Nb2 Nf6 22. Qc2 Ng8 23. Qd2 Nf6 24. Bg5 Qe8 25. Qe3 Nd8 26. g4 Nxd5 27. exd5 f6 28. Bh6 Nf7 29. Bxg7+ Kxg7 30. fxg6 hxg6 31. Qe4 Ng5 32. Qe3 Rh8 33. Bg2 Rxh4 34. Rcf1 Rf7 35. Qg3 Qh8 36. Nd1 Bc8 37. h3 Nxh3+ 38. Bxh3 Rxh3 39. Qg2 Qh4 40. Rf3 Rxf3 41. Rxf3 Qxg4 0-1

[Event "24th Klatovy A 2016"]
[Site "Klatovy CZE"]
[Date "2016.07.08"]
[Round "7.41"]
[White "Gumustas, Ilgaz"]
[Black "Bottema, Timo"]
[Result "1/2-1/2"]
[WhiteElo "1797"]
[BlackElo "2065"]
[PlyCount "107"]
[EventDate "2016.07.02"]
[EventType "swiss"]
[EventRounds "9"]
[EventCountry "CZE"]

1. e4 c5 2. Nf3 e6 3. d3 Nc6 4. g3 Be7 5. Bg2 d6 6. O-O Nf6 7. Re1 O-O 8. Nbd2 Qc7 9. Nf1 Bd7 10. h4 b5 11. N1h2 e5 12. Bg5 Rab8 13. Nf1 h6 14. Bxf6 Bxf6 15. Ne3 Ne7 16. Nh2 g6 17. h5 c4 18. Nhg4 Bg7 19. Qf3 f5 20. exf5 gxf5 21. Nd5 Nxd5 22. Qxd5+ Kh8 23. Ne3 cxd3 24. cxd3 Rbc8 25. Rac1 Qb6 26. Rxc8 Bxc8 27. Rc1 f4 28. gxf4 exf4 29. Nd1 Bd7 30. Be4 Be5 31. b4 Qb8 32. d4 Bf6 33. Rc3 Bg5 34. f3 Re8 35. Nf2 Be6 36. Qb7 Qxb7 37. Bxb7 Bc4 38. Ne4 d5 39. Nd6 Re1+ 40. Kg2 Re2+ 41. Kh3 Re3 42. Rc2 Rxf3+ 43. Kh2 Rd3 44. Re2 f3 45. Re1 Kg7 46. Kg3 Bf6 47. Bc8 f2+ 48. Kxf2 Bxd4+ 49. Kg2 Rd2+ 50. Kf3 Bf6 51. Nf5+ Kf7 52. Nd6+ Kg7 53. Nf5+ Kf7 54. Nd6+ 1/2-1/2

[Event "24th Klatovy A 2016"]
[Site "Klatovy CZE"]
[Date "2016.07.08"]
[Round "7.42"]
[White "Lacina, Filip"]
[Black "Kostelecky, Daniel"]
[Result "1-0"]
[WhiteElo "1981"]
[BlackElo "1862"]
[PlyCount "101"]
[EventDate "2016.07.02"]
[EventType "swiss"]
[EventRounds "9"]
[EventCountry "CZE"]

1. Nf3 Nf6 2. g3 g6 3. Bg2 Bg7 4. O-O c6 5. d3 O-O 6. e4 d5 7. Nbd2 dxe4 8. dxe4 Qc7 9. Qe2 b6 10. Re1 Ba6 11. Nc4 Nfd7 12. a4 e5 13. b4 b5 14. Ne3 bxa4 15. c4 Nb6 16. Qc2 Bb7 17. c5 N6d7 18. Nc4 Ba6 19. Rxa4 Bb5 20. Ra2 Bxc4 21. Qxc4 Rd8 22. Bd2 Nf8 23. Bh3 Qe7 24. Bc3 Kh8 25. Rea1 h5 26. Qe2 a6 27. Nd2 Ne6 28. Bxe6 Qxe6 29. Nc4 Ra7 30. Nd6 Bf8 31. Nc4 Bg7 32. h4 Rad7 33. Nd6 Bf8 34. f4 f6 35. f5 Qg8 36. fxg6 Qxg6 37. Nf5 Bh6 38. Be1 Rd3 39. Ra3 R3d7 40. Nd6 Bf8 41. Nf5 Bh6 42. Rb1 Ra7 43. Rd1 Rxd1 44. Qxd1 Rd7 45. Rd3 Rxd3 46. Qxd3 Bc1 47. Qd8+ Qg8 48. Qxf6+ Kh7 49. Qe7+ Kg6 50. Qxe5 Kh7 51. Qc7+ 1-0

[Event "24th Klatovy A 2016"]
[Site "Klatovy CZE"]
[Date "2016.07.08"]
[Round "7.43"]
[White "Richter, Martin1"]
[Black "Svoboda, Jaroslav2"]
[Result "1-0"]
[WhiteElo "1966"]
[BlackElo "1711"]
[PlyCount "57"]
[EventDate "2016.07.02"]
[EventType "swiss"]
[EventRounds "9"]
[EventCountry "CZE"]

1. e4 c5 2. Nc3 a6 3. g3 d6 4. Bg2 e5 5. d3 Nc6 6. Nge2 Nge7 7. O-O Ng6 8. f4 exf4 9. Nxf4 Be7 10. Nxg6 hxg6 11. Nd5 Ne5 12. Bd2 b5 13. Qe1 b4 14. a3 Ng4 15. Nxe7 Qxe7 16. e5 Rb8 17. exd6 Qxe1 18. Bc6+ Kd8 19. Raxe1 Be6 20. d4 Bc4 21. Rf4 Nf6 22. dxc5 Rc8 23. Rxc4 Rxc6 24. Bxb4 Nd7 25. Ba5+ Kc8 26. b4 f6 27. Re7 Ne5 28. Re4 Kb8 29. d7 1-0

[Event "24th Klatovy A 2016"]
[Site "Klatovy CZE"]
[Date "2016.07.08"]
[Round "7.44"]
[White "Hacaperka, Michal"]
[Black "Kovar, Petr"]
[Result "1/2-1/2"]
[WhiteElo "1887"]
[BlackElo "1915"]
[PlyCount "39"]
[EventDate "2016.07.02"]
[EventType "swiss"]
[EventRounds "9"]
[EventCountry "CZE"]

1. e4 c5 2. Nc3 g6 3. f4 Bg7 4. Nf3 Nc6 5. Bb5 Nd4 6. O-O Nxb5 7. Nxb5 Nf6 8. d3 O-O 9. Qe1 d5 10. e5 Ng4 11. h3 Nh6 12. Qf2 b6 13. a4 Qd7 14. d4 Qc6 15. g4 Bb7 16. Qh4 a6 17. Nc3 f5 18. g5 Nf7 19. Be3 Nd8 20. Qf2 1/2-1/2

[Event "24th Klatovy A 2016"]
[Site "Klatovy CZE"]
[Date "2016.07.08"]
[Round "7.45"]
[White "Palla, Rostislav"]
[Black "Novak, Jaromir"]
[Result "1/2-1/2"]
[WhiteElo "1736"]
[BlackElo "1904"]
[PlyCount "56"]
[EventDate "2016.07.02"]
[EventType "swiss"]
[EventRounds "9"]
[EventCountry "CZE"]

1. e4 Nf6 2. Nc3 e5 3. Bc4 Nc6 4. Nf3 Nxe4 5. Nxe4 d5 6. Bd3 dxe4 7. Bxe4 Bd7 8. O-O Bd6 9. Re1 Qe7 10. d4 f6 11. d5 Nd8 12. h3 g6 13. c4 O-O 14. a3 a5 15. Bc2 Nf7 16. Nh2 f5 17. Nf3 e4 18. Nd4 Qe5 19. f4 Qf6 20. Be3 Qh4 21. Rf1 b6 22. Qe1 Qxe1 23. Rfxe1 a4 24. Bd1 Nd8 25. Be2 Nb7 26. g3 Nc5 27. Kg2 Kg7 28. h4 h5 1/2-1/2

[Event "24th Klatovy A 2016"]
[Site "Klatovy CZE"]
[Date "2016.07.08"]
[Round "7.46"]
[White "Hlozek, David"]
[Black "Mackova, Veronika"]
[Result "1-0"]
[WhiteElo "1677"]
[BlackElo "1902"]
[PlyCount "139"]
[EventDate "2016.07.02"]
[EventType "swiss"]
[EventRounds "9"]
[EventCountry "CZE"]

1. e4 c5 2. Nf3 e6 3. d4 cxd4 4. Nxd4 a6 5. Bd3 Nc6 6. Nxc6 bxc6 7. O-O Qc7 8. c4 Nf6 9. Qe2 d5 10. Nd2 Bc5 11. b3 O-O 12. Bb2 Qe7 13. Kh1 Ba3 14. Bxa3 Qxa3 15. e5 Nd7 16. f4 a5 17. f5 Nc5 18. f6 Nxd3 19. Qxd3 g6 20. Qe3 Rd8 21. c5 Kf8 22. Qh6+ Ke8 23. Qxh7 Qxc5 24. Rfc1 Qf8 25. Rxc6 Bd7 26. Rc3 Rac8 27. Rh3 Bb5 28. Nf3 Bd3 29. Nd4 Ba6 30. Qh4 Qc5 31. Qf4 Kd7 32. Rh7 Rf8 33. Re1 Qc3 34. Nf3 Qb4 35. Qe3 Rc2 36. Rh4 Qb7 37. Nd4 Rc7 38. Rh7 Qa7 39. h3 Qc5 40. Qf4 Qc3 41. Nf3 Bd3 42. Qd4 Qxd4 43. Nxd4 Be4 44. Re2 Rc1+ 45. Kh2 g5 46. Rg7 Bg6 47. Nf3 Rd1 48. Nxg5 d4 49. a3 Kc6 50. Nxe6 fxe6 51. Rxg6 d3 52. Rf2 Kd5 53. f7 Kxe5 54. Rg8 Rxf7 55. Rxf7 Ke4 56. Rg3 Rb1 57. Rg4+ Ke3 58. Rf3+ Kd2 59. b4 axb4 60. axb4 e5 61. Re4 Kc2 62. Rf2+ d2 63. Rxe5 Kc3 64. Rxd2 Kxd2 65. b5 Kd3 66. g4 Kd4 67. Rf5 Ke4 68. Kg3 Rb3+ 69. Kh4 Rb4 70. Kh5 1-0

[Event "24th Klatovy A 2016"]
[Site "Klatovy CZE"]
[Date "2016.07.09"]
[Round "8.1"]
[White "Kovar, Vojtech"]
[Black "Neuman, Petr"]
[Result "1/2-1/2"]
[WhiteElo "2358"]
[BlackElo "2446"]
[PlyCount "92"]
[EventDate "2016.07.02"]
[EventType "swiss"]
[EventRounds "9"]
[EventCountry "CZE"]

1. d4 d5 2. c4 c6 3. Nf3 Nf6 4. Nc3 a6 5. c5 Nbd7 6. Bf4 Nh5 7. Bd2 Nhf6 8. Bf4 Nh5 9. Bd2 Nhf6 10. Qc2 Qc7 11. e4 e5 12. exd5 cxd5 13. b4 Be7 14. Be2 O-O 15. O-O e4 16. Ng5 Nb8 17. f3 Nc6 18. Be3 h6 19. fxe4 hxg5 20. exd5 Nxb4 21. Qb3 Nbxd5 22. Nxd5 Nxd5 23. Qxd5 Bf6 24. Qe4 Qc6 25. Qxc6 bxc6 26. Bf3 Bd7 27. h3 Rfc8 28. Rab1 Ra7 29. a4 Be8 30. Rb6 a5 31. Rfb1 Kf8 32. Kf2 Bd8 33. Rb7 Rxb7 34. Rxb7 f6 35. Ke2 Rc7 36. Rb8 Ke7 37. Bd2 Ra7 38. Kd3 Bd7 39. Be4 Bc7 40. Rb1 Ra8 41. Rb7 Kd8 42. Rb1 Kc8 43. g4 Rb8 44. Rxb8+ Kxb8 45. Kc4 Be8 46. Bf5 Bf7+ 1/2-1/2

[Event "24th Klatovy A 2016"]
[Site "Klatovy CZE"]
[Date "2016.07.09"]
[Round "8.2"]
[White "Lacina, Adolf"]
[Black "Jurek, Josef"]
[Result "1/2-1/2"]
[WhiteElo "2167"]
[BlackElo "2296"]
[PlyCount "21"]
[EventDate "2016.07.02"]
[EventType "swiss"]
[EventRounds "9"]
[EventCountry "CZE"]

1. e4 e6 2. d4 d5 3. Nd2 Be7 4. e5 c5 5. Qg4 g6 6. dxc5 Nc6 7. Ngf3 f6 8. Bb5 Nh6 9. Qf4 Nf7 10. Nb3 O-O 11. Bxc6 1/2-1/2